同じ母音の駅名 (その他編) - Statistics

General Stats
  • This quiz has been taken 11 times
  • The average score is 3 of 10
Answer Stats
駅名(漢字) 駅名(読み) この駅の所在地 同じ母音の駅名 % Correct
一本松 いっぽんまつ 埼玉県、福岡県 二本松
73%
十日市場 とおかいちば 神奈川県、山梨県 八日市場
55%
新田 しんでん 埼玉県、京都府 神泉
45%
大手町 おおてまち 東京都、愛媛県 大江橋
45%
浦安 うらやす 千葉県、鳥取県 下松
36%
藤が丘 ふじがおか 神奈川県、愛知県 百合ヶ丘
18%
丸の内 まるのうち 愛知県、富山県 丸ノ内
18%
霞ヶ丘 かすみがおか 兵庫県、奈良県 巽ヶ丘
18%
つつじヶ丘 つつじがおか 東京都、茨城県 榴ヶ岡
9%
ときわ台 ときわだい 東京都、大阪府 折渡
9%
No matching quizzes found
Score Distribution
Percent of People with Each Score
Percentile by Number Answered
Your Score History
You have not taken this quiz